| 000 | 00846nam a22002297a 4500 | ||
|---|---|---|---|
| 003 | BPGM | ||
| 008 | 260618e1997 mx cbeog |||| 001 0 spa d | ||
| 040 | _bspa | ||
| 041 |
_aspa _hspa |
||
| 082 | 0 | 4 |
_2900 _a029 |
| 100 |
_aMANCILLA CAMACHO, APOLINAR _eAUTOR |
||
| 245 | _aMUNICIPIO DE ARROYO SECO | ||
| 250 |
_aPRIMERA EDICION _b1997 |
||
| 260 |
_aMEXICO _bGOBIERNO DEL ESTADO DE QUERETARO _c1997 |
||
| 300 |
_a83 paginas _c21 cm x 14 cm |
||
| 336 |
_2rdacontent _atexto _btxt |
||
| 337 |
_2rdamedia _asin mediación _bn |
||
| 338 |
_2rdacarrier _avolumen _bnc |
||
| 505 | _aEs una monografía que ofrece un recorrido histórico, cultural y social por este municipio de la Sierra Gorda, destacando su identidad indígena, su riqueza natural y su papel dentro de la región serrana. | ||
| 650 | _2GEOGRAFÍA E HISTORIA | ||
| 942 |
_2ddc _cCOLQ |
||
| 999 |
_c68640 _d68640 |
||